000 00489nam a2200181Ia 4500
005 20250508162434.0
008 008 250505s9999 xx 000 0 eng d
037 _aTextual
040 _aFEDL
_beng
_cFEDL
041 _aeng
_2eng
084 _a375.1, DAV
_qFEDL
100 _aDavies Lvor K
_9773154
245 0 _aObjectives in curriculum design
260 _aLondon, UK
_bMcGraw Hill
_c1976
300 _a211p.
942 _cTEXL
_h375.1, DAV
999 _c1376542
_d1376542